00412nam a2200121Ia 45000010005000000080041000050820025000461000060000712450098001312600019002299010027002489990015002753045241024s9999 xx 000 0 und d aRD/374.715/R426s/1-1 aRepública Dominicana.Ministerio de Educación MINERD 0aSoy persona : Módulo 1 Primer ciclo de Educación Básica de Personas Jóvenes y Adultas bCorripioc2013 a23/7/2013 8:51:02 a.m. c8478d8478